| 000 | 02570cam a22003614i 4500 | ||
|---|---|---|---|
| 001 | 991061504565906706 | ||
| 003 | ES-BaIT | ||
| 005 | 20260216102142.0 | ||
| 008 | 251008e202509 sp a ||| |||| 000 0 spa|c | ||
| 017 |
_aDL M 11928-2025 _bOficina DL Madrid |
||
| 020 | _a9788437649276 | ||
| 040 |
_aES-BaUB _bcat _erda _cES-BaUB |
||
| 080 | _a792.01 | ||
| 100 | 1 |
_aPlaza, José Carlos _eautor _939455 |
|
| 245 | 1 | 0 |
_aTratado de la obviedad : _bla interpretación desde la raíz / _cJosé Carlos Plaza ; con Jorge Torres y Rocío Westendorp |
| 250 | _a1a edición | ||
| 264 | 1 |
_aMadrid : _bCátedra, _cseptiembre de 2025 |
|
| 300 |
_a266 pàgines : _bil·lustracions en blanc i negre ; _c21 cm |
||
| 336 |
_atext _btxt _2rdacontent |
||
| 337 |
_asense mediació _bn _2rdamedia |
||
| 338 |
_avolum _bnc _2rdacarrier |
||
| 490 | 1 |
_aSigno e imagen ; _v227 |
|
| 520 | _a"No he permitido nunca la presencia de extraños al equipo en el proceso de preparación de ese acto de amor que es el teatro. Durante los ensayos los actores deben desnudarse, relajarse para sentirse libres y crear sin temor al ridículo, sin miedo a equivocarse. Por eso el ambiente debe ser protector, sin miradas ajenas [...]. Eso de 'la catarsis' que los antiguos griegos dijeron que era una purificación". José Carlos Plaza, el director de escena más galardonado de su generación, abre las puertas de su conocimiento en este libro, un tesoro para profesionales y un testimonio único para todo interesado en el proceso de creación y en el oficio de contar historias, para dejar que el lector entre en lo que considera más secreto: el ensayo de una obra de teatro. Ese momento medio mágico, medio científico, en que un texto escrito pasa a «hacerse carne» se nos desvela aquí de la mano de un hombre que ha pasado su vida dirigiendo espectáculos. Con juegos, anécdotas y análisis de texto inéditos, el libro revela tanto el laborioso entrenamiento de actores y actrices como el placer que significa vivir una situación imaginaria, y abandonar un yo más pequeño para revelar su inmenso yo creador. El objetivo: conseguir que el espectador salga transformado de una función teatral" -- Contracoberta | ||
| 650 | 0 |
_aDirecció escènica _xFilosofia _9168450 |
|
| 650 | 0 |
_aInterpretació _xFilosofia _9133432 |
|
| 650 | 0 |
_aTeatre _xFilosofia _2lemac _968842 |
|
| 700 | 1 |
_aTorres, Jorge, _d1980- _eautor _9168451 |
|
| 700 | 1 |
_aWestendorp, Rocío _eautor _9164337 |
|
| 830 |
_aSigno e imagen (Ediciones Cátedra) _v227 _9168452 |
||
| 908 |
_aUB _aCDMAE |
||
| 940 | _aUB | ||
| 942 |
_2udc _c1 |
||
| 999 |
_c137057 _d137057 |
||